|
|
|
|
| LEADER |
00000nam0a2200000 4500 |
| 001 |
298858 |
| 005 |
20231102001139.0 |
| 035 |
|
|
|a (RuTPU)RU\TPU\book\324008
|
| 090 |
|
|
|a 298858
|
| 100 |
|
|
|a 20150623d1981 k y0rusy50 ca
|
| 101 |
0 |
|
|a rus
|
| 102 |
|
|
|a RU
|
| 105 |
|
|
|a a z 001zy
|
| 200 |
1 |
|
|a Индустриализация нефтепромыслового строительства
|e сборник научных трудов
|f Государственный институт по проектированию и исследовательским работам в нефтяной промышленности "Гипровостокнефть" ; под ред. Б. Н. Кириллова
|
| 210 |
|
|
|a Куйбышев
|c Изд-во Гипровостокнефть
|d 1981
|
| 215 |
|
|
|a 78 с.
|c ил.
|
| 320 |
|
|
|a Библиогр. в конце ст.
|
| 606 |
1 |
|
|a Нефтегазовое строительство
|x Управление
|2 stltpush
|3 (RuTPU)RU\TPU\subj\45560
|9 64755
|
| 610 |
1 |
|
|a индустриализация
|
| 610 |
1 |
|
|a блочное строительство
|
| 610 |
1 |
|
|a комплектность
|
| 610 |
1 |
|
|a автоматизированное проектирование
|
| 610 |
1 |
|
|a нефтепромысловое строительство
|
| 610 |
1 |
|
|a комплексные программы
|
| 675 |
|
|
|a 622.323.012:69
|v 4
|
| 702 |
|
1 |
|a Кириллов
|b Б. Н.
|4 340
|
| 712 |
0 |
2 |
|a Государственный институт по проектированию и исследовательским работам в нефтяной промышленности "Гипровостокнефть"
|2 stltpush
|3 (RuTPU)RU\TPU\col\12480
|9 25424
|
| 801 |
|
1 |
|a RU
|b 63413507
|c 20150623
|
| 801 |
|
2 |
|a RU
|b 63413507
|c 20190618
|g RCR
|
| 942 |
|
|
|c BK
|